Fitness: a Community Challenge / Digest of Fitness Events (Record no. 21931)
[ view plain ]
| 000 -CABECERA | |
|---|---|
| campo de control de longitud fija | 00574nam a2200205 4500 |
| 003 - IDENTIFICADOR DEL NÚMERO DE CONTROL | |
| campo de control | OSt |
| 005 - FECHA Y HORA DE LA ÚLTIMA TRANSACCIÓN | |
| campo de control | 20260601193853.0 |
| 008 - DATOS DE LONGITUD FIJA--INFORMACIÓN GENERAL | |
| campo de control de longitud fija | 260507b1983 cn ||||| |||| 00| 0 eng d |
| 020 ## - NÚMERO INTERNACIONAL ESTÁNDAR DEL LIBRO | |
| Número Internacional Estándar del Libro | 0919963013 |
| 040 ## - FUENTE DE LA CATALOGACIÓN | |
| Centro catalogador/agencia de origen | ICI |
| Lengua de catalogación | spa |
| Centro/agencia transcriptor | ICI |
| Normas de descripción | rda |
| 041 ## - CÓDIGO DE LENGUA | |
| Código de lengua del texto/banda sonora o título independiente | eng |
| 100 #1 - ENTRADA PRINCIPAL--NOMBRE DE PERSONA | |
| Nombre de persona | Canada Government |
| 9 (RLIN) | 32612 |
| 245 #1 - MENCIÓN DE TÍTULO | |
| Título | Fitness: a Community Challenge / Digest of Fitness Events |
| 264 ## - PRODUCCIÓN, PUBLICACIÓN, DISTRIBUCIÓN, FABRICACIÓN Y COPYRIGHT | |
| Producción, publicación, distribución, fabricación y copyright | Canadien Parks / |
| Nombre del de productor, editor, distribuidor, fabricante | Recreation Association |
| Fecha de producción, publicación, distribución, fabricación o copyright | 1983 |
| 300 ## - DESCRIPCIÓN FÍSICA | |
| Extensión | 95 páginas |
| 336 ## - TIPO DE CONTENIDO | |
| Término de tipo de contenido | texto |
| Fuente | rdacontent |
| 337 ## - TIPO DE MEDIO | |
| Nombre/término del tipo de medio | sin medio |
| Fuente | rdamedia |
| 338 ## - TIPO DE SOPORTE | |
| Nombre/término del tipo de soporte | volumen |
| Fuente | rdacarrier |
| 942 ## - ELEMENTOS DE PUNTO DE ACCESO ADICIONAL (KOHA) | |
| Fuente del sistema de clasificación o colocación | Library of Congress Classification |
| Tipo de ítem Koha | Libros |
| Suprimir en OPAC | 1 |
| Estado de retiro | Estado de pérdida | Fuente del sistema de clasificación o colocación | Estado dañado | No para préstamo | Localización permanente | Ubicación/localización actual | Fecha de adquisición | Total de préstamos | Signatura topográfica completa | Código de barras | Fecha visto por última vez | Número de copia | Precio válido a partir de | Tipo de ítem Koha |
|---|---|---|---|---|---|---|---|---|---|---|---|---|---|---|
| El ejemplar forma parte de la colección y puede ser consultado según las políticas vigentes. | Library of Congress Classification | Biblioteca de Diseño Museo Franz Mayer | Biblioteca de Diseño Museo Franz Mayer | 07/05/2026 | GV481 F58 1982 | BDIMFM000986 | 07/05/2026 | ej.1 | 07/05/2026 | Libros |